| 000 | 01431nam a22002897a 4500 | ||
|---|---|---|---|
| 005 | 20081106150832.0 | ||
| 008 | 081106t xxu||||| |||| 00| 0 eng d | ||
| 010 | _aUR-7255-56 | ||
| 020 |
_a8171015891 (vol.1) _c600.00 (set ) |
||
| 020 | _a817101591-3 (Set) | ||
| 020 | _a8171015905 (vol.2) | ||
| 035 | _aU-5816-17 | ||
| 037 | _bD.B.Act / Pub | ||
| 082 | _a270.9 | ||
| 245 |
_a /صحيح تا ريخ الل سلا م و المسلمين _cمسعو د احمد مو لف |
||
| 246 |
_aSahi Tarikh ul Islam Wa All Muslemeen _b byMasood Ahmad (Moolif) |
||
| 260 |
_aنئ دھلی _bادارہ اشا عت و دينيا ت _c2007 |
||
| 270 |
_a168/2،جھا ہا ؤس،حضرت نظا مد ين _bنئ دھلی _e110013 _k+91-11-26926832/33 _l+91-11-26322787 _mSales@idara.comidara@yahoo.com |
||
| 300 |
_a2 v. _c24cm.( hb) |
||
| 500 | _aPublisher in 2 volume | ||
| 650 | _aحد يث | ||
| 650 | _aReligion Stories | ||
| 700 | _aمسعو د احمد مو لف | ||
| 942 |
_adpl _cUR _k _2ddc _h270.9 _mم س ع |
||
| 999 |
_c2916 _d2916 |
||